| 000 | 01072nam a2200325Ia 4500 | ||
|---|---|---|---|
| 001 | Z_908 | ||
| 003 | CHAP | ||
| 008 | 220113s9999 xx 000 0 und d | ||
| 010 | _a163983 | ||
| 020 | _a968-13-0867-0 | ||
| 040 | _cCHAP | ||
| 082 | _a636.213 P74 | ||
| 100 |
_aPreston, T. R. _9138031 |
||
| 245 |
_aProducción intensiva de carne / _cT. R. Preston, coautor M. B. Willis |
||
| 260 |
_aMéxico : _bDiana, _c |
||
| 300 | _a736 p. | ||
| 500 | _aLa Biblioteca cuenta con las reimpresiones: 2a reimpresión de 1975, 4a reimpresión de 1982 y 6a reimpresión de 1986 | ||
| 503 | _aej.1: C/E \ ej.2: reposición por el título Tablas de requerimientos nutricionales \ ej.3: \ ej.4: 0313 \ ej.5: 0314 | ||
| 504 | _aBibliografía: p. 577 - 715, incluye índice | ||
| 650 |
_aBeef cattle _9138032 |
||
| 650 |
_aGanado bovino _9138033 |
||
| 650 |
_aGanado de carne _xMejoramiento _945091 |
||
| 700 |
_aWillis, Macolm Beverley, coaut. _9138034 |
||
| 901 | _a636.213 P74 | ||
| 902 | _aM | ||
| 910 | _a | ||
| 942 | _c1 | ||
| 942 | _cc1 | ||
| 999 |
_c163983 _d163983 |
||